| 000 | 00000nam##2200000za#4500 |
| 001 | 9.601288 |
| 003 | CaOODSP |
| 005 | 20210624210012 |
| 007 | cr ||||||||||| |
| 008 | 150406|2010||||xxc|||||o f|0| 0 fre|d |
| 040 | |aCaOODSP|bfre |
| 043 | |an-cn--- |
| 086 | 1 |aYC11-0/403-4F-PDF |
| 110 | 1 |aCanada. |bParlement. |bSénat. |bComité sénatorial permanent des banques et du commerce. |
| 245 | 10|aL'épargne-retraite : |h[ressource électronique]|bla clé d'une retraite confortable / |cL'honorable Michael A. Meighen, président; L'honorable Céline Hervieux-Payette, vice-présidente. |
| 246 | 3 |aRapport final du Comité sénatorial permanent des banques et du commerce |
| 260 | |aOttawa - Ontario : |bSénat. |cOctobre 2010. |
| 300 | |a89p.|bgraphiques, tableaux |
| 490 | 1 |aRapport du Comité sénatorial permanent des banques et du commerce|v[40e législature, 3e session, 4e rapport] |
| 590 | |a11-12-Supp|b2011-07-29 |
| 775 | 08|tCanadians saving for their future : |w(CaOODSP)9.570640 |
| 830 | #0|aRapport du Comité sénatorial permanent des banques et du commerce ;|v[40e législature, 3e session, 4e rapport]|w(CaOODSP)9.501661 |
| 856 | 40|ahttp://publications.gc.ca|qPDF|s1.22 Mo|uhttps://publications.gc.ca/collections/collection_2011/sen/yc11-0/YC11-0-403-4-fra.pdf|y[40e législature, 3e session, 4e rapport] |